000 00389nam a2200145Ia 4500
008 230917s9999||||xx |||||||||||||| ||und||
040 _e9409
_aMAIN
041 _aEnglish
082 _a320.947 S89S
100 _aSoviet Union
245 0 _aSoviet Union 1976-77: Domestic Economic, and foreign policy
260 _aNew York
_bHolmes & Meier
_c1979
300 _axvi, 270 p.
942 _cBK
999 _c211820
_d211820